000 00859nam a2200229 i 4500
001 189343
003 ES-MaACL
005 20250930063200.0
008 190524s1880 sp |||| | spa d
080 _a622(464.3)
080 _a622.349.9(460.354 Almadén)
100 1 _aZuaznavar, Mariano,
_d1841-1916
_9118383
245 1 0 _aAlmadén en noviembre de 1879 :
_bartículos publicados en la Revista minera /
_cpor Mariano Zuaznavar y Arrascaeta.
260 _aMadrid :
_b[s.n.],
_c1880 (
_fImp. de J.M. Lapuente)
300 _a44 p. ;
_c20 cm.
530 _aDisponible en formato digital.
650 _aMinas-
_zAlmadén.
_9136500
650 _aMinas de mercurio-
_zAlmadén.
_9167428
852 4 _aES-MaACL
_jB-8926(18)
856 4 _uhttp://bdh-rd.bne.es/viewer.vm?id=0000049430&page=1
_zBiblioteca Digital Hispánica
999 _c189343
_d189343